banner-ar

NEW TESTAMENT COMMENTARY / (Record no. 19671)

MARC details
000 -الفاتح
حقل البيانات ثابتة الطول 00432nam a2200169Ia 4500
008 - عناصر البيانات ثابتة الطول - معلومات عامة
حقل البيانات ثابتة الطول 140319s9999 xx 000 0 eng d
040 ## - مصدر الفهرسة
وكالة الفهرسة الأصلية GCL /
وكالة النسخ GCL
082 04 - رقم تصنيف ديوى العشرى
رقم التصنيف 226
رقم المادة H N
100 1# - المدخل الرئيسى - إسم شخصى
الإسم الشخصى HENDRIKSEN, WILLIAM
245 10 - بيان العنوان
العنوان NEW TESTAMENT COMMENTARY /
بيان المسئوليه,etc HENDRIKSEN, WILLIAM
260 ## - PUBLICATION, DISTRIBUTION, ETC. (IMPRINT)
تاريخ النشر أو التوزيع 1987
300 ## - الوصف المادى
التعداد 700 P
650 04 - المدخل الاضافى بالموضوع-مصطلح موضوعى
مصطلح موضوعي CHRISTIANITY
650 04 - المدخل الاضافى بالموضوع-مصطلح موضوعى
مصطلح موضوعي TESTAMENT
942 ## - عناصر المدخل الإضافي( كوها)
مصدر التصنيف او مخطط الترفيف Dewey Decimal Classification
Koha [default] item type كتاب
260 ## - PUBLICATION, DISTRIBUTION, ETC. (IMPRINT)
-- [S.N] :
-- BAKER BOOK HOUSE ،
Holdings
حالة التراجع حالة الفقد حالة تلف ليس للاعارة المكان المؤقت الموقع الحالى تاريخ الاكتساب اجمالي اﻻعارات رقم الطلب الباركود تاريخ اخر مشاهدة تاريخ تفعيل السعر نوع وعاء كوها
        مكتبة القاهرة الكبرى مكتبة القاهرة الكبرى 03/26/2014   226\H N 37364 03/26/2014 03/26/2014 كتاب

Powered By

EGPV